书目信息 |
| 题名: |
美西战争
|
|
| 作者: | 李庆余 著 | |
| 分册: | ||
| 出版信息: | 北京 商务印书馆 1984 |
|
| 页数: | 40页 | |
| 开本: | 19cm | |
| 丛书名: | 外国历史小丛书 | |
| 单 册: | ||
| 中图分类: | K712.51 | |
| 科图分类: | ||
| 主题词: | 美西战争(1896) | |
| 电子资源: | ||
| ISBN: | ||
| 000 | 00679nam2 2200253 45 | |
| 001 | 0184012301 | |
| 005 | 20060424163445.73 | |
| 010 | @dCNY0.15 | |
| 091 | @a11017.671 | |
| 100 | @a19950630d1984 em y0chiy0121 ea | |
| 101 | 0 | @achi |
| 102 | @aCN@b110000 | |
| 105 | @af z 000zy | |
| 200 | 10 | @a美西战争@Amei xi zhan zheng@f李庆余著@Fli qing yu zhu |
| 210 | @a北京@c商务印书馆@d1984 | |
| 215 | @a40页@c图@d19cm | |
| 225 | 2 | @a外国历史小丛书@f陈翰笙主编 |
| 410 | 0 | @120010@a外国历史小丛书 |
| 606 | @a美西战争(1896) | |
| 690 | @aK712.51@v3 | |
| 701 | 0 | @a李庆余@Ali qing yu@4著 |
| 801 | 0 | @aCN@b上海图书馆@c20060424 |
| 801 | 2 | @aCN@bNLC@c20051213 |
| 905 | @dK712.51@e8 | |
| 美西战争/李庆余著.-北京:商务印书馆,1984 |
| 40页:图;19cm.-(外国历史小丛书/陈翰笙主编) |
| ISBN :CNY0.15 |
| ● |
| 相关链接 |
|
|
|
|
正题名:美西战争
索取号:K712.51/8
 
预约/预借
| 序号 | 登录号 | 条形码 | 馆藏地/架位号 | 状态 | 备注 |
| 1 | 0131119 | 011413152 | 第二样本阅览室/ [索取号:K712.51/8] | 在馆 | |
| 2 | 0131120 | 202162729 | 密集书库/ [索取号:K712.51/8] | 在馆 | |
| 3 | 0131121 | 202281949 | 密集书库/ [索取号:K712.51/8] | 在馆 |